| 000 | 00667nas a2200241 4500 | ||
|---|---|---|---|
| 001 | BR2011006599 | ||
| 003 | BR-BrBNA | ||
| 005 | 20231205115700.0 | ||
| 007 | ta | ||
| 008 | 230509b bl.|||p| |||| 00| 00por d | ||
| 040 |
_aBR-BrBNA _bpor _cBiblioteca Nacional de Agricultura |
||
| 041 | _a(Pt) | ||
| 072 | _aF70 | ||
| 100 | 1 | _aOliveira, A.C.B. de | |
| 100 | 1 | _aMaluf, M.P. | |
| 245 | 1 | _aDiversidade em Coffea sp. | |
| 650 | _aCAFÉ | ||
| 650 | _aBIODIVERSIDADE | ||
| 650 | _aPARQUE NACIONAL | ||
| 773 | 0 |
_tO Agronômico (Brazil) _xISSN 0365-2726 _g(2007), v. 59(1) p. 22-24 _wBR2011006599 |
|
| 909 |
_a202311 _bLúcia _c55 _dLúcia Elande |
||
| 942 |
_2AGRIS _n0 _cANA |
||
| 999 |
_c215209 _d215209 |
||